| 000 | 01712ngm a2200385 4500 | ||
|---|---|---|---|
| 003 | dpl | ||
| 005 | 20090107161223.0 | ||
| 007 | DVD | ||
| 008 | ||||||sp199 xxu|||||c ||| 00| 0 ng d | ||
| 010 | _aDVD-001983-1985 | ||
| 024 |
_aSHE 1802 F2 _c66.00 |
||
| 035 | _aDVD-001983-1985 | ||
| 040 |
_aDPL _cDPL |
||
| 082 | _aDVD / KANH | ||
| 245 |
_aKanhaiya _cS.P. Pictures Presents _h[videorecording] VCD/ |
||
| 260 | _bShemaroo Video Pvt. Ltd. | ||
| 300 |
_a2 videodisc VCD; _bsd., col. ; _c4 3/4 in. _fVCD |
||
| 440 | _aShemaroo Home Entertainment | ||
| 500 | _aThis is a Video CD with Digital Audio, Full Motion Video and Play Back Control suitable for Video CD players and Multimedia Pc's with MPEG card. | ||
| 500 | _aThis title is complete with 2 discs Not to be sold individually | ||
| 538 | _aDolby Digital 5.1 - Hindi Subtitles: English | ||
| 650 | _aMotion Picture | ||
| 700 | _aPachhi, Sant Singh | ||
| 700 | _aOm Prakash | ||
| 700 | _aShankar Jaikishan | ||
| 700 | _aKapoor, Raj | ||
| 700 | _aNutan | ||
| 700 | _aLalita Panwar | ||
| 700 | _aPuri, Madan | ||
| 942 |
_cCF _2ddc _hDVD _mKANH |
||
| 999 |
_c20732 _d20732 |
||